000 00279nam a22001337a 4500
082 _a001
_bGAN/F
100 _aGANERI, ANITA
100 _aCHANDLER, DAVID
245 _aFIRST BOOK OF FLOWERS
260 _aLONDON
_bA&C BLACK
300 _a48
650 _aGK
_zLONDON
942 _cBK
999 _c6585
_d6585